[Event "KATOWICE OPEN 2018"]
[Site "SchemingMind.com"]
[Date "2018.06.03"]
[Round "-"]
[White "Janusz Szopa"]
[Black "Helga1946"]
[Result "1/2-1/2"]
[WhiteCountry "POL"]
[BlackCountry "GER"]
[WhiteElo "2339"]
[WhiteRD "75"]
[BlackElo "2070"]
[BlackRD "51"]
[GameID "428801"]

1. e4 c5 2. c3 d5 3. exd5 Qxd5 4. d4 e6 5. Nf3 cxd4 6. cxd4 Bd7 7. Nc3 Bb4 8. Be2 Bc6 9. O-O Qa5 10. d5 exd5
11. Bd3 Nf6 12. Re1+ Ne4 13. Nxd5 Bxe1 14. Bxe4 Bxd5 15. Bxd5 O-O 16. Bxb7 Bxf2+ 17. Kh1 Na6=
1/2-1/2

[Event "KATOWICE OPEN 2018"]
[Site "SchemingMind.com"]
[Date "2018.06.05"]
[Round "-"]
[White "Helga1946"]
[Black "Phillip Beckett"]
[Result "0-1"]
[WhiteCountry "GER"]
[BlackCountry "ENG"]
[WhiteElo "2070"]
[WhiteRD "51"]
[BlackElo "1560"]
[BlackRD "57"]
[GameID "428938"]

1. b4 c6 2. a3 Qb6 3. e3 a5 4. b5 cxb5 5. Nc3 Nc6 6. Nxb5 Nf6 7. c4 Na7 8. Nxa7 Qxa7 9. Bb2 g6 10. Qc2 Bg7
11. Qe4 Nxe4
0-1

[Event "KATOWICE OPEN 2018"]
[Site "SchemingMind.com"]
[Date "2018.06.03"]
[Round "-"]
[White "Phillip Beckett"]
[Black "Janusz Szopa"]
[Result "0-1"]
[WhiteCountry "ENG"]
[BlackCountry "POL"]
[WhiteElo "1560"]
[WhiteRD "57"]
[BlackElo "2339"]
[BlackRD "75"]
[GameID "428939"]

1. e4 d6 2. d4 Nf6 3. Nc3 g6 4. Nf3 Bg7 5. Be2 O-O 6. O-O c6 7. h3 Nbd7 8. Bg5 b5 9. a3 Bb7 10. Qd2 c5
11. dxc5 Nxc5 12. e5 Nfe4 13. Nxe4 Nxe4 14. Qe3 Nxg5 15. Qxg5 dxe5 16. Nxe5 f6 17. Qe3 fxe5 18. Rad1 Qb6 19. Qb3+ e6 20. Bxb5 Rad8
21. Bc4 Rxd1 22. Bxe6+ Kh8 23. Rxd1 Qxf2+ 24. Kh1 Qxg2#
0-1

[Event "KATOWICE OPEN 2018"]
[Site "SchemingMind.com"]
[Date "2018.06.27"]
[Round "-"]
[White "Phillip Beckett"]
[Black "Keithk"]
[Result "0-1"]
[WhiteCountry "ENG"]
[BlackCountry "ENG"]
[WhiteElo "1503"]
[WhiteRD "56"]
[BlackElo "2539"]
[BlackRD "60"]
[GameID "429804"]

1. d4 Nf6 2. c4 e6 3. Nc3 d5 4. Bg5 Be7 5. Nf3 h6 6. Bh4 O-O 7. e3 b6 8. Bd3 Bb7 9. cxd5 Nxd5 10. Nxd5 Bxh4
11. Nc3 c5 12. Nxh4 cxd4 13. exd4 Qxh4 14. O-O Rd8 15. Qe2 Nc6 16. Rad1 Nxd4 17. Qe5 Bf3 18. Rd2 Nf5 19. Bxf5 Rxd2 20. Bh3 Bb7
21. Qe3 Rad8 22. f3 Rxb2
0-1

[Event "KATOWICE OPEN 2018"]
[Site "SchemingMind.com"]
[Date "2018.06.30"]
[Round "-"]
[White "Keithk"]
[Black "Janusz Szopa"]
[Result "1-0"]
[WhiteCountry "ENG"]
[BlackCountry "POL"]
[WhiteElo "2561"]
[WhiteRD "61"]
[BlackElo "2372"]
[BlackRD "77"]
[GameID "429805"]

1. e4 c5 2. Nf3 d6 3. d4 cxd4 4. Nxd4 Nf6 5. Nc3 a6 6. Be3 e5 7. Nb3 Be6 8. f3 Be7 9. Qd2 O-O 10. O-O-O Nbd7
11. g4 b5 12. g5 b4 13. Ne2 Ne8 14. f4 a5 15. f5 Bc4 16. Ng3 Bxf1 17. Rhxf1 a4 18. Na1 a3 19. b3 Rc8 20. f6 gxf6
21. gxf6 Nexf6 22. Nf5 Kh8 23. Rg1 Rg8 24. Nh6 Qf8 25. Nxg8 Nxg8 26. Qxb4 d5 27. Qe1 d4 28. Bd2 Nc5 29. Qg3 Nxe4 30. Qxe5+ Ngf6
31. c4 Re8 32. Qf5 Bd6 33. Nc2 d3 34. Nd4 Be5 35. Be3 Qc5 36. Bh6 Nh5 37. Qxf7 Nd6 38. Bf8 Qxc4+ 39. Qxc4 Nxc4 40. bxc4 Bxd4
41. Bxa3 Bxg1 42. Rxg1 h6 43. Kd2 Re2+ 44. Kxd3 Rxh2 45. Bd6 Rxa2 46. Be5+ Kh7 47. c5 Ra6 48. Kc4 Nf6 49. Kb5 Re6 50. Bxf6 Rxf6
51. c6 Rf3 52. Rc1
1-0

[Event "KATOWICE OPEN 2018"]
[Site "SchemingMind.com"]
[Date "2018.06.27"]
[Round "-"]
[White "davidcook"]
[Black "Phillip Beckett"]
[Result "1-0"]
[WhiteCountry "ENG"]
[BlackCountry "ENG"]
[WhiteElo "2057"]
[WhiteRD "59"]
[BlackElo "1560"]
[BlackRD "57"]
[GameID "429817"]

1. e4 e5 2. Bc4 Nf6 3. d4 exd4 4. Nf3 Nc6 5. O-O Bc5 6. e5 d5 7. exf6 dxc4 8. fxg7 Rg8 9. Bg5 Qd5 10. Nc3 Qf5
11. Ne4 Rxg7 12. Re1 Be6 13. Nh4 Qd5 14. Nf6+
1-0

[Event "KATOWICE OPEN 2018"]
[Site "SchemingMind.com"]
[Date "2018.06.30"]
[Round "-"]
[White "Janusz Szopa"]
[Black "davidcook"]
[Result "1/2-1/2"]
[WhiteCountry "POL"]
[BlackCountry "ENG"]
[WhiteElo "2338"]
[WhiteRD "78"]
[BlackElo "2272"]
[BlackRD "63"]
[GameID "429819"]

1. e4 e5 2. Nf3 Nc6 3. Bc4 Nf6 4. d4 exd4 5. O-O Nxe4 6. Re1 d5 7. Bxd5 Qxd5 8. Nc3 Qa5 9. Nxe4 Be6 10. Neg5 O-O-O
11. Nxe6 fxe6 12. Rxe6 h6 13. Qe2 g5 14. Qe4 Qd5 15. Bd2 Bg7 16. h4 gxh4 17. Nxh4 Qxe4 18. Rxe4 Rhe8 19. Rae1 Rxe4 20. Rxe4 Rd5
21. Nf3 h5 22. Kf1 Kd7 23. Ne1 Nd8 24. b3 Ne6 25. Nd3 c5 26. a4 b6 27. Re1 a6 28. Ra1 Kd6 29. Ke2 Rf5 30. g3 Kd5
31. f3 Bf8 32. Rh1 Bd6 33. g4 hxg4 34. fxg4 Rf8 35. Rh5+ Kc6 36. Rh6 Re8 37. Nf2 Ng5+ 38. Kf1 Ne4=
1/2-1/2

[Event "KATOWICE OPEN 2018"]
[Site "SchemingMind.com"]
[Date "2018.06.27"]
[Round "-"]
[White "Keithk"]
[Black "davidcook"]
[Result "1-0"]
[WhiteCountry "ENG"]
[BlackCountry "ENG"]
[WhiteElo "2539"]
[WhiteRD "60"]
[BlackElo "2104"]
[BlackRD "63"]
[GameID "429820"]

1. e4 d6 2. d4 Nf6 3. Nc3 g6 4. Nf3 Bg7 5. Be2 O-O 6. O-O c6 7. h3 Nbd7 8. a4 e5 9. dxe5 dxe5 10. Bc4 Qe7
11. b3 Nc5 12. Ba3 a5 13. Qd2 b6 14. Rad1 Ra7 15. Rfe1 Ncxe4 16. Qc1
1-0

[Event "KATOWICE OPEN 2018"]
[Site "SchemingMind.com"]
[Date "2018.06.30"]
[Round "-"]
[White "Phillip Beckett"]
[Black "Adrian Grajczak"]
[Result "0-1"]
[WhiteCountry "ENG"]
[BlackCountry "POL"]
[WhiteElo "1482"]
[WhiteRD "55"]
[BlackElo "1799"]
[BlackRD "85"]
[GameID "429863"]

1. d4 d6 2. c4 e5 3. dxe5 dxe5 4. Qxd8+ Kxd8 5. e4 Be6 6. Nc3 c6 7. Bg5+ f6 8. O-O-O+ Nd7 9. Be3 Bb4 10. Bd3 Ne7
11. Nge2 Kc7 12. a3 Bc5 13. Bxc5 Nxc5 14. Bc2 Bxc4 15. f3 Rad8 16. Rxd8 Rxd8 17. Rd1 Rxd1+ 18. Kxd1 Nb3 19. Bxb3 Bxb3+ 20. Kd2 Be6
21. Nc1 Nc8 22. Nd3 b6 23. b4 Nd6 24. Ne2 Nc4+ 25. Kc3 Nxa3 26. Nec1 Nb5+ 27. Kd2 Nd4 28. Ne2 Nxe2 29. Kxe2 Bc4 30. Kd2 Bxd3
31. Kxd3 Kd6 32. Kc4 g6 33. g4 a5 34. bxa5 bxa5 35. Kb3 Kc5 36. Kc3 a4
0-1

[Event "KATOWICE OPEN 2018"]
[Site "SchemingMind.com"]
[Date "2018.06.30"]
[Round "-"]
[White "Adrian Grajczak"]
[Black "Janusz Szopa"]
[Result "0-1"]
[WhiteCountry "POL"]
[BlackCountry "POL"]
[WhiteElo "1795"]
[WhiteRD "90"]
[BlackElo "2372"]
[BlackRD "77"]
[GameID "429865"]

1. e4 e6 2. d3 d5 3. Nd2 Nf6 4. Ngf3 c5 5. g3 Nc6 6. Bg2 b6 7. O-O Be7 8. e5 Nd7 9. Re1 O-O 10. Nf1 Bb7
11. h4 b5 12. Bf4 h6 13. N1h2 b4 14. Qd2 Re8 15. c3 Bf8 16. d4 Ba6 17. Ng4 bxc3 18. bxc3 cxd4 19. cxd4 Bb4 20. Qe3 Bxe1
21. Rxe1 Qe7 22. h5 Rab8 23. Nh4 Rb4 24. Rd1 Reb8 25. Kh2 Rb1 26. Rd2 R1b2 27. Rxb2 Rxb2
0-1

[Event "KATOWICE OPEN 2018"]
[Site "SchemingMind.com"]
[Date "2018.06.30"]
[Round "-"]
[White "davidcook"]
[Black "Adrian Grajczak"]
[Result "1-0"]
[WhiteCountry "ENG"]
[BlackCountry "POL"]
[WhiteElo "2272"]
[WhiteRD "63"]
[BlackElo "1799"]
[BlackRD "85"]
[GameID "429866"]

1. e4 c5 2. d4 cxd4 3. c3 dxc3 4. Nxc3 Nc6 5. Nf3 e6 6. Bc4 a6 7. O-O Nge7 8. Bg5 f6 9. Be3 b5 10. Bb3 Ng6
11. Nd5 exd5 12. exd5 Nce5 13. d6 Bb7 14. Nxe5 Nxe5 15. Re1 Qa5 16. f4 b4 17. fxe5 fxe5 18. Rc1 e4 19. Rc5
1-0

[Event "KATOWICE OPEN 2018"]
[Site "SchemingMind.com"]
[Date "2018.06.29"]
[Round "-"]
[White "Adrian Grajczak"]
[Black "Keithk"]
[Result "0-1"]
[WhiteCountry "POL"]
[BlackCountry "ENG"]
[WhiteElo "1799"]
[WhiteRD "85"]
[BlackElo "2572"]
[BlackRD "58"]
[GameID "429867"]

1. e4 e5 2. Nf3 Nc6 3. Bb5 a6 4. Ba4 Nf6 5. d3 d6 6. c3 g6 7. h3 Bg7 8. O-O O-O 9. Be3 Re8 10. Nbd2 h6
11. Bc2 d5 12. d4 exd4 13. Nxd4 Nxd4 14. Bxd4 dxe4 15. Bxf6 Qxf6 16. Nxe4 Qb6 17. Rb1 Be6
0-1

[Event "KATOWICE OPEN 2018"]
[Site "SchemingMind.com"]
[Date "2018.07.01"]
[Round "-"]
[White "Chessibelle"]
[Black "Phillip Beckett"]
[Result "0-1"]
[WhiteCountry "ENG"]
[BlackCountry "ENG"]
[WhiteElo "1238"]
[WhiteRD "58"]
[BlackElo "1503"]
[BlackRD "56"]
[GameID "429916"]

1. e4 e5 2. Nf3 Nc6 3. Nc3 Nf6 4. d3 Be7 5. b3 d6 6. Be2 h6 7. g3 O-O 8. O-O Nd4 9. Nxd4 exd4 10. Nb5 c5
11. Bd2 a6 12. Na3 Bh3 13. Re1 Qd7 14. Bf3 Bg4 15. Nc4 Bxf3 16. Qxf3 Nh7 17. Rac1 Ng5 18. Qe2 Nh3+ 19. Kg2 Ng5 20. c3 dxc3
21. Bxc3 b5 22. Ne3 Ne6 23. h4 Rac8 24. f4 g6 25. Nd5 Nc7 26. Nb6 Qc6 27. Nxc8 Rxc8 28. Bb2 Ne6 29. Qe3 Bf8 30. Kh3 Qb7
31. Qd2 Bg7 32. e5 dxe5 33. fxe5 Qd7 34. Bc3 Nd4+ 35. g4 Nf3 36. Qg2 Qxd3 37. Rf1 Nd2+ 38. Kh2 Nxf1+ 39. Kg1 Qe3+ 40. Kh1 Qxc1
41. Kg1 Ne3+
0-1

[Event "KATOWICE OPEN 2018"]
[Site "SchemingMind.com"]
[Date "2018.07.03"]
[Round "-"]
[White "Chessibelle"]
[Black "Adrian Grajczak"]
[Result "0-1"]
[WhiteCountry "ENG"]
[BlackCountry "POL"]
[WhiteElo "1216"]
[WhiteRD "57"]
[BlackElo "1799"]
[BlackRD "85"]
[GameID "429917"]

1. e4 c5 2. Nc3 e6 3. d3 Nc6 4. Nf3 d5 5. Be2 Nf6 6. O-O Be7 7. Be3 d4 8. Bd2 dxc3 9. Bxc3 O-O 10. g3 Nd4
11. a3 b6 12. b4 Bb7 13. Qd2 Nxe2+ 14. Qxe2 Nd7 15. d4 Qc7 16. Bd2 cxd4 17. Nxd4 Bf6 18. Nb5 Qxc2 19. Rfc1 Qxe4 20. Qf1 Qh1#
0-1

[Event "KATOWICE OPEN 2018"]
[Site "SchemingMind.com"]
[Date "2018.07.01"]
[Round "-"]
[White "Janusz Szopa"]
[Black "Chessibelle"]
[Result "1-0"]
[WhiteCountry "POL"]
[BlackCountry "ENG"]
[WhiteElo "2342"]
[WhiteRD "81"]
[BlackElo "1238"]
[BlackRD "58"]
[GameID "429918"]

1. e4 e5 2. Nf3 d6 3. d4 Bd7 4. Bc4 h6 5. dxe5 Nc6 6. exd6 Bxd6 7. O-O Nf6 8. e5 Nxe5 9. Nxe5 Be6 10. Qe2 O-O
11. Bxe6 fxe6 12. Ng6 Re8 13. Nc3 e5 14. Ne4 Bb4 15. Rd1 Qc8 16. Nxf6+ Kf7 17. Rd7+ Re7 18. Nxe7 Bxe7 19. Qxe5 Kf8 20. Qxe7#
1-0

[Event "KATOWICE OPEN 2018"]
[Site "SchemingMind.com"]
[Date "2018.07.01"]
[Round "-"]
[White "davidcook"]
[Black "Chessibelle"]
[Result "1-0"]
[WhiteCountry "ENG"]
[BlackCountry "ENG"]
[WhiteElo "2104"]
[WhiteRD "63"]
[BlackElo "1238"]
[BlackRD "58"]
[GameID "429920"]

1. e4 e5 2. Nf3 Nc6 3. d4 Bd6 4. Bc4 h6 5. dxe5 Nxe5 6. Nxe5 Bxe5 7. Bxf7+ Kxf7 8. Qh5+ Ke6 9. Qf5+ Kd6 10. Na3 Bf6
11. e5+ Bxe5 12. Nc4+ Kc6 13. Nxe5+ Kd6 14. Bg5 Qe8 15. O-O-O+ Kc5 16. Nxd7+ Kc6 17. Qc5#
1-0

[Event "KATOWICE OPEN 2018"]
[Site "SchemingMind.com"]
[Date "2018.07.01"]
[Round "-"]
[White "Chessibelle"]
[Black "Keithk"]
[Result "0-1"]
[WhiteCountry "ENG"]
[BlackCountry "ENG"]
[WhiteElo "1238"]
[WhiteRD "58"]
[BlackElo "2539"]
[BlackRD "60"]
[GameID "429921"]

1. e4 e5 2. Nf3 Nc6 3. Nc3 Nf6 4. d3 d5 5. Bd2 d4 6. Nb5 a6 7. Na3 b5 8. c3 dxc3 9. Bxc3 b4 10. Bd2 bxa3
11. b3 Bg4 12. Be2 Bxf3 13. gxf3 Nh5 14. Qc2 Nd4 15. Qd1 a5 16. Rc1 Bb4 17. O-O Bxd2 18. Qxd2 Nf4 19. Bd1 Qg5+
0-1

[Event "KATOWICE OPEN 2018"]
[Site "SchemingMind.com"]
[Date "2018.07.02"]
[Round "-"]
[White "William Lindberg"]
[Black "Phillip Beckett"]
[Result "1-0"]
[WhiteCountry "USA"]
[BlackCountry "ENG"]
[WhiteElo "2517"]
[WhiteRD "67"]
[BlackElo "1503"]
[BlackRD "56"]
[GameID "429953"]

1. c4 e5 2. g3 Nf6 3. Bg2 d5 4. cxd5 Nxd5 5. Nf3 Nc6 6. O-O f6 7. Nc3 Be6 8. d4 exd4 9. Nxd4 Nxd4 10. Qxd4 c6
11. Nxd5 Bxd5 12. Qe3+ Be7 13. Rd1 O-O 14. Bxd5+ cxd5 15. Qe6+ Kh8 16. Rxd5 Qa5 17. Rxa5
1-0

[Event "KATOWICE OPEN 2018"]
[Site "SchemingMind.com"]
[Date "2018.07.02"]
[Round "-"]
[White "William Lindberg"]
[Black "Chessibelle"]
[Result "1-0"]
[WhiteCountry "USA"]
[BlackCountry "ENG"]
[WhiteElo "2517"]
[WhiteRD "67"]
[BlackElo "1238"]
[BlackRD "58"]
[GameID "429954"]

1. c4 e5 2. Nc3 Nc6 3. g3 d6 4. Bg2 Nf6 5. Nf3 Be7 6. O-O O-O 7. h3 Be6 8. b3 a6 9. d3 Re8 10. Bb2 g6
11. d4 Na5 12. dxe5 Nd7 13. exd6 Bxd6 14. Qc1 Be7 15. Rd1 Qc8 16. Ne4 Nc6 17. Rxd7 Bxd7 18. Qh6 f6 19. Nfg5 f5 20. Qg7#
1-0

[Event "KATOWICE OPEN 2018"]
[Site "SchemingMind.com"]
[Date "2018.07.03"]
[Round "-"]
[White "Adrian Grajczak"]
[Black "William Lindberg"]
[Result "0-1"]
[WhiteCountry "POL"]
[BlackCountry "USA"]
[WhiteElo "1799"]
[WhiteRD "85"]
[BlackElo "2526"]
[BlackRD "67"]
[GameID "429955"]

1. e4 e6 2. d3 d5 3. Nd2 c5 4. Ngf3 Nc6 5. g3 Be7 6. Bg2 Nf6 7. O-O O-O 8. e5 Nd7 9. Re1 Qc7 10. Qe2 b5
11. Nf1 a5 12. h4 Ba6 13. Bf4 Qb6 14. N1h2 c4 15. Ng5 Nd4 16. Qh5 Bxg5 17. hxg5 Nxc2 18. Ng4 Kh8 19. Nf6 gxf6 20. gxf6 Nxe1
21. Rxe1 Qd4 22. dxc4 bxc4 23. Bh6 Nxf6 24. exf6 Qxf6 25. Bxf8 Rxf8 26. Qe2 Rb8
0-1

[Event "KATOWICE OPEN 2018"]
[Site "SchemingMind.com"]
[Date "2018.07.06"]
[Round "-"]
[White "Janusz Szopa"]
[Black "William Lindberg"]
[Result "0-1"]
[WhiteCountry "POL"]
[BlackCountry "USA"]
[WhiteElo "2338"]
[WhiteRD "78"]
[BlackElo "2526"]
[BlackRD "67"]
[GameID "429957"]

1. e4 e5 2. Nf3 Nc6 3. Bc4 Nf6 4. d4 exd4 5. O-O Nxe4 6. Re1 d5 7. Bxd5 Qxd5 8. Nc3 Qh5 9. Nxe4 Be6 10. Bg5 Bd6
11. Nxd6+ cxd6 12. Bf4 Qc5 13. c3 Qf5 14. Bxd6 O-O-O 15. Bg3 dxc3 16. Qa4 cxb2 17. Rab1 Rhe8 18. Rxb2 Bd5 19. Rc1 Bxf3 20. gxf3 Qxf3
21. Rb4 Rd3 22. Rbc4 Re6 23. Rf4 Qh5 24. Rh4 Qd5 25. Rxh7 Re4 26. Qc2 Red4 27. Re1 Rd1 28. Rh8+ Kd7 29. Re8 b5 30. a3 Rxe1+
31. Rxe1 Rc4 32. Qe2 Kc8 33. Rd1 Nd4 34. Qe8+ Kb7 35. Qb8+ Ka6 36. Qd6+ Qxd6 37. Bxd6 Ka5 38. Bf8 g6 39. Bg7 Rc1 40. Rxc1 Ne2+
41. Kg2 Nxc1 42. h4 Ka4 43. Bf8 a5 44. Kf3 Nd3 45. Ke3 Nb2 46. Kd4 Nc4
0-1

[Event "KATOWICE OPEN 2018"]
[Site "SchemingMind.com"]
[Date "2018.07.02"]
[Round "-"]
[White "William Lindberg"]
[Black "davidcook"]
[Result "1/2-1/2"]
[WhiteCountry "USA"]
[BlackCountry "ENG"]
[WhiteElo "2501"]
[WhiteRD "67"]
[BlackElo "2163"]
[BlackRD "65"]
[GameID "429958"]

1. e4 e5 2. Nf3 Nc6 3. Bc4 Nf6 4. d3 Be7 5. O-O O-O 6. h3 d6 7. a4 Be6 8. Bxe6 fxe6 9. Re1 a5 10. Na3 Nd7
11. c3 Qe8 12. Be3 d5 13. Nb5 Rc8 14. Qb3 Qf7 15. Rad1 Nd8 16. Na3 b6 17. Nb1 h6 18. Qb5 Bd6 19. Nbd2 Nb7 20. d4 exd4
21. Nxd4 c5 22. Nc6 Nd8 23. Nxd8 Rcxd8 24. exd5 exd5 25. Nf3 Bc7 26. Bc1 Nf6 27. Ne5 Qh5 28. Bf4 Rde8 29. Ng6 Bxf4 30. Nxf4 Rxe1+
31. Rxe1 Qf5 32. Ne6 Ne4 33. Rxe4 Qxf2+ 34. Kh2 dxe4 35. Nxf8 Kxf8 36. Qxb6 Qf4+=
1/2-1/2

[Event "KATOWICE OPEN 2018"]
[Site "SchemingMind.com"]
[Date "2018.07.02"]
[Round "-"]
[White "Keithk"]
[Black "William Lindberg"]
[Result "1/2-1/2"]
[WhiteCountry "ENG"]
[BlackCountry "USA"]
[WhiteElo "2529"]
[WhiteRD "59"]
[BlackElo "2501"]
[BlackRD "67"]
[GameID "429959"]

1. e4 e5 2. Nf3 Nc6 3. Bb5 a6 4. Ba4 Nf6 5. O-O Be7 6. Re1 b5 7. Bb3 O-O 8. c3 d6 9. h3 Re8 10. d4 Bb7
11. Nbd2 Bf8 12. a4 Na5 13. Bc2 exd4 14. cxd4 b4 15. b3 Rc8 16. Bd3 d5 17. e5 Ne4 18. Nxe4 dxe4 19. Rxe4 Bxe4 20. Bxe4 g6
21. d5 Qd7 22. Bf4 c6 23. d6 f6 24. Bd2 Rb8 25. Rc1 Bxd6 26. Be3 Qd8 27. Bd5+ cxd5 28. Qxd5+ Kg7 29. exf6+ Kh8 30. Bd4 Bh2+
31. Kxh2 Qxd5 32. f7+ Qxd4 33. fxe8=Q+ Rxe8 34. Nxd4 Rd8 35. Rc5 Rxd4 36. Rxa5 Rd3 37. Rxa6 Rxb3 38. Rb6 Rb2 39. f3 b3 40. Rb7 h6
41. a5 Ra2 42. Rxb3 Rxa5 43. Rb7 Ra2 44. Kg3 h5 45. h4 Kg8 46. Rd7 Kf8 47. Kh3 Kg8 48. g4 hxg4+ 49. fxg4 Ra3+ 50. Kh2 Re3
51. Kg2 Rc3 52. Rb7 Rd3 53. Rc7 Ra3 54. Re7 Ra4 55. Kf3 Rc4=
1/2-1/2

[Event "KATOWICE OPEN 2018"]
[Site "SchemingMind.com"]
[Date "2018.07.06"]
[Round "-"]
[White "Phillip Beckett"]
[Black "Robert Bruce"]
[Result "0-1"]
[WhiteCountry "ENG"]
[BlackCountry "SCO"]
[WhiteElo "1503"]
[WhiteRD "56"]
[BlackElo "2312"]
[BlackRD "67"]
[GameID "429960"]

1. d4 Nf6 2. c4 c5 3. dxc5 e6 4. b4 a5 5. Bd2 axb4 6. Bxb4 Nc6 7. Ba3 Rxa3 8. Nxa3 Ne4 9. Nb5 Qa5+ 10. Qd2 Qxd2#
0-1

[Event "KATOWICE OPEN 2018"]
[Site "SchemingMind.com"]
[Date "2018.07.06"]
[Round "-"]
[White "Adrian Grajczak"]
[Black "Robert Bruce"]
[Result "0-1"]
[WhiteCountry "POL"]
[BlackCountry "SCO"]
[WhiteElo "1795"]
[WhiteRD "90"]
[BlackElo "2306"]
[BlackRD "68"]
[GameID "429961"]

1. e4 g6 2. d4 Bg7 3. f4 d6 4. Nf3 c5 5. c3 Qb6 6. dxc5 Qxc5 7. Bd3 Bd7 8. Qe2 Qc7 9. Be3 Nf6 10. O-O Ng4
11. Bd4 e5 12. fxe5 dxe5 13. Be3 Nxe3 14. Qxe3 Be6 15. Kh1 f6 16. Na3 Nd7 17. Nb5 Qc6 18. Nxa7 Qc5 19. Qxc5 Nxc5 20. Nb5 Nxd3
21. Nc7+ Ke7 22. Nxa8 Rxa8 23. b3 Bh6 24. c4 Be3 25. h3 Nf2+ 26. Kh2 Nxe4
0-1

[Event "KATOWICE OPEN 2018"]
[Site "SchemingMind.com"]
[Date "2018.07.06"]
[Round "-"]
[White "Chessibelle"]
[Black "Robert Bruce"]
[Result "0-1"]
[WhiteCountry "ENG"]
[BlackCountry "SCO"]
[WhiteElo "1238"]
[WhiteRD "58"]
[BlackElo "2312"]
[BlackRD "67"]
[GameID "429962"]

1. e4 Nf6 2. Nc3 d5 3. Bd3 d4 4. Nce2 e5 5. Nf3 Nc6 6. c3 Bg4 7. Ng5 Qd7 8. a3 dxc3 9. dxc3 h6 10. Nh3 O-O-O
11. Qd2 Na5 12. Qc2 Qxd3 13. Qd2 Qc4 14. Qc2 Nb3 15. Rb1 Rd2 16. Bxd2 Qxe2#
0-1

[Event "KATOWICE OPEN 2018"]
[Site "SchemingMind.com"]
[Date "2018.07.06"]
[Round "-"]
[White "Robert Bruce"]
[Black "William Lindberg"]
[Result "0-1"]
[WhiteCountry "SCO"]
[BlackCountry "USA"]
[WhiteElo "2334"]
[WhiteRD "66"]
[BlackElo "2501"]
[BlackRD "67"]
[GameID "429963"]

1. d4 Nf6 2. Nf3 d5 3. c3 e6 4. Bg5 Be7 5. Nbd2 O-O 6. e3 c5 7. Bd3 b6 8. Ne5 h6 9. Bh4 Bb7 10. f4 Nc6
11. O-O a5 12. Bb5 Rc8 13. Qe2 Ne8 14. Bxc6 Bxc6 15. Nxc6 Rxc6 16. Qb5 Rc7 17. Bxe7 Qxe7 18. Qxb6 cxd4 19. Qxd4 Nd6 20. Rfe1 Nf5
21. Qd3 Qc5 22. Rac1 a4 23. Nf3 Rfc8 24. Kh1 Nd6 25. Rc2 Qa5 26. Nd4 a3 27. b4 Qb6 28. Kg1 Ne4 29. Ne2 Rc4 30. Rec1 Qc7
31. Qd1 Kh7 32. Qd3 g6 33. Kf1 Kg7 34. h3 h5 35. Kg1 Kh6 36. Qd1 Kh7 37. Kh2 Kg8 38. Kg1 Kg7 39. Qd3 Kh6 40. Qd1 Qe7
41. Qe1 e5 42. Qd1 Qe6 43. Qd3 f6 44. Rb1 g5 45. Rb3 g4 46. hxg4 Qxg4 47. fxe5 Rg8 48. Nd4 fxe5 49. Rxa3 exd4 50. exd4 Rc7
51. c4 dxc4 52. Qe3+ Kh7 53. Qf3 Qg6 54. Re3 Re8 55. Qd1 Nf2 56. Kxf2 Rxe3 57. Kxe3 Rf7 58. Rxc4 Qg3+ 59. Qf3 Qe1+ 60. Kd3 Rxf3+
61. gxf3 Qf1+ 62. Kc3 Qxf3+ 63. Kb2 h4 64. Rc2 h3 65. Rc3 Qg4 66. Rc7+ Kg6 67. Rc6+ Kf5 68. Rc1 Qxd4+ 69. Kb3 Qd5+ 70. Kc3 Qc6+
71. Kb2 Qxc1+ 72. Kxc1 h2 73. Kd2 Ke4 74. Kc3 h1=Q 75. Kc4 Qf1+ 76. Kc5 Qf8+ 77. Kc4 Qf7+ 78. Kb5 Qxa2 79. Kc6 Qc4+ 80. Kd6 Qb5
0-1

[Event "KATOWICE OPEN 2018"]
[Site "SchemingMind.com"]
[Date "2018.07.06"]
[Round "-"]
[White "Robert Bruce"]
[Black "Janusz Szopa"]
[Result "1/2-1/2"]
[WhiteCountry "SCO"]
[BlackCountry "POL"]
[WhiteElo "2312"]
[WhiteRD "67"]
[BlackElo "2338"]
[BlackRD "78"]
[GameID "429964"]

1. d4 d5 2. Nf3 Nf6 3. c4 e6 4. Nc3 Be7 5. Bf4 O-O 6. e3 b6 7. Rc1 Bb7 8. cxd5 Nxd5 9. Bg3 c5 10. Bd3 cxd4
11. exd4 Nc6 12. O-O Rc8 13. a3 Nxc3 14. Rxc3 Qd5 15. Bc4 Qd7 16. d5 exd5 17. Bxd5 Rcd8 18. Rd3 Bf6 19. Be4 Qc8 20. Rxd8 Rxd8
21. Qb1 g6 22. Rc1 Qa8 23. Bc7 Re8 24. Bf4 Nd4 25. Bxb7 Qxb7 26. Nxd4 Bxd4 27. Rd1 Qe4 28. Qxe4 Rxe4 29. Bh6 f6 30. g3 Kf7
31. Bc1 g5 32. Kf1 g4 33. Rd3 Ke6 34. a4=
1/2-1/2

[Event "KATOWICE OPEN 2018"]
[Site "SchemingMind.com"]
[Date "2018.07.06"]
[Round "-"]
[White "Robert Bruce"]
[Black "davidcook"]
[Result "0-1"]
[WhiteCountry "SCO"]
[BlackCountry "ENG"]
[WhiteElo "2312"]
[WhiteRD "67"]
[BlackElo "2272"]
[BlackRD "63"]
[GameID "429966"]

1. f4 e5 2. fxe5 d6 3. exd6 Bxd6 4. Nf3 Nf6 5. d4 O-O 6. e4 Nxe4 7. Bd3 Nf6 8. O-O c5 9. d5 Nxd5 10. Bxh7+ Kxh7
11. Ng5+ Kg6 12. h4 Bf4 13. Qd3+ Bf5 14. Qf3 Nc6 15. Nc3 Nd4 16. Qxd5 Bxc1 17. Raxc1 f6 18. h5+ Kxg5 19. Rxf5+ Nxf5 20. Ne4+ Kh6
21. Qxf5 Qe8 22. g4 g6 23. Qf4+ Kg7 24. Rf1 Qe5 25. h6+ Kh8 26. Qxe5 fxe5 27. g5 Rxf1+ 28. Kxf1 Rf8+ 29. Ke2 Rf4 30. Ke3 b6
31. b3 Rh4 32. a4 Rh3+ 33. Kd2 Kg8 34. a5 Kf7 35. a6 Rh2+ 36. Ke3 Rxc2 37. Kd3 Ra2 38. Nd2 Rxa6 39. Nc4 b5 40. Nxe5+ Kg8
41. Ke4 Rd6 42. Ke3 Re6 43. Kf4 a5
0-1

[Event "KATOWICE OPEN 2018"]
[Site "SchemingMind.com"]
[Date "2018.07.06"]
[Round "-"]
[White "Keithk"]
[Black "Robert Bruce"]
[Result "1-0"]
[WhiteCountry "ENG"]
[BlackCountry "SCO"]
[WhiteElo "2529"]
[WhiteRD "59"]
[BlackElo "2334"]
[BlackRD "66"]
[GameID "429967"]

1. e4 c6 2. d4 d5 3. Nc3 dxe4 4. Nxe4 Bf5 5. Ng3 Bg6 6. h4 h6 7. Nf3 Nd7 8. h5 Bh7 9. Bd3 Bxd3 10. Qxd3 e6
11. Bf4 Qa5+ 12. Bd2 Bb4 13. c3 Be7 14. c4 Qc7 15. O-O-O Ngf6 16. Kb1 O-O 17. Rhe1 a5 18. Ne5 Nxe5 19. dxe5 Rfd8 20. Qe2 Nd7
21. f4 Nc5 22. Be3 a4 23. a3 Nb3 24. Ne4 b5 25. c5 Rdb8 26. g4 b4 27. Ka2 Ra5 28. g5 hxg5 29. h6 bxa3 30. hxg7 Nxc5
31. Nf6+ Kxg7 32. Bd4 Rab5 33. Rg1 Kf8 34. Rh1 Bxf6 35. exf6 Kg8 36. Rh8+ Kxh8 37. Qh5+ Kg8 38. Qxg5+ Kf8 39. Bxc5+
1-0

[Event "KATOWICE OPEN 2018"]
[Site "SchemingMind.com"]
[Date "2018.07.12"]
[Round "-"]
[White "Phillip Beckett"]
[Black "flyinduck"]
[Result "0-1"]
[WhiteCountry "ENG"]
[BlackCountry "CAN"]
[WhiteElo "1482"]
[WhiteRD "55"]
[BlackElo "2024"]
[BlackRD "53"]
[GameID "430211"]

1. d4 d6 2. c4 e5 3. dxe5 dxe5 4. Qxd8+ Kxd8 5. Nf3 f6 6. Bd2 c6 7. Nc3 Be6 8. e4 Na6 9. b3 Kc7 10. O-O-O Ba3+
11. Kb1 Ne7 12. Bc1 Bc5 13. Na4 Bxf2 14. Ba3 c5 15. Bd3 b6 16. Rhf1 Be3 17. Bb2 Rad8 18. Bc2 Nb4 19. a3 Nxc2 20. Kxc2 Nc6
21. Nc3 Nd4+ 22. Kb1 Kc6 23. Nxd4+ exd4 24. Nb5 a6 25. Nxd4+ Bxd4 26. Bxd4 Rxd4 27. Rxd4 cxd4 28. Kc2 b5 29. Kd3 bxc4+ 30. bxc4 Kc5
31. Rb1 Bxc4+ 32. Kd2 Re8 33. Rb7 Rxe4 34. Rc7+ Kd5 35. Rd7+ Ke5 36. Re7+ Kf4 37. Rxg7 Re2+ 38. Kd1 Ra2
0-1